000 00328nam a22001337a 4500
008 170905b xxu||||| |||| 00| 0 eng d
020 _a9781412977371
041 _aeng
080 _23 ED
_a070
100 _a40
101 _aMED
245 _aCLOSE ENCOUNTERS COMMUNICATION IN RELATIONS
_cGUERRERO.L.K
942 _2udc
_cBK
999 _c26100
_d26100